000 00342nam a2200145Ia 4500
008 230711s9999||||xx |||||||||||||| ||und||
041 _aENG
082 _a720
_bDA-F
100 _aDavis,Ellyn
245 4 _aThe form of heavening
250 _a1st Ed.
260 _c1991
_aNew Delhi
_bPradeep publishers
650 _aArchitecture
942 _cBK
999 _c2982
_d2982